Estaciones de tren España mas concurridas - Estadísticas

Estadísticas generales
  • Esta prueba ha sido intentada 190 veces
  • La puntuación promedio es 8 de 31
Estadísticas de respuestas
Pasajeros Provincia Estacion % Correcto
116.620.798 Madrid Madrid Atocha
95%
43.615.824 Barcelona Barcelona Sants
84%
30.837.166 Madrid Madrid Chamartín
80%
5.980.459 Sevilla Sevilla Santa Justa
58%
35.137.302 Madrid Nuevos Ministerios
41%
24.335.242 Madrid Sol
41%
9.601.292 Madrid Príncipe Pío
33%
7.502.237 Madrid Móstoles
26%
7.413.787 Madrid Alcalá de Henares
25%
11.813.394 Valencia Valencia-Nord
25%
9.146.038 Madrid Fuenlabrada
24%
7.782.471 Madrid Leganés
24%
10.393.430 Madrid Parla
24%
9.359.242 Madrid Recoletos
24%
6.873.000 Madrid Vallecas
20%
15.189.385 Madrid Méndez Álvaro
19%
12.097.587 Barcelona Passeig de Gràcia
18%
6.338.369 Madrid Coslada
17%
6.207.406 Madrid Torrejón de Ardoz
17%
5.819.726 Bizkaia Bilbao Abando
16%
7.672.471 Madrid Embajadores
15%
6.386.515 Madrid Vicálvaro
15%
8.963.879 Madrid Getafe Central
14%
8.019.285 Madrid Aluche
13%
6.727.638 Madrid Asamblea de Madrid-Entrevías
13%
13.232.004 Madrid Villaverde Alto
13%
19.249.721 Barcelona Plaza de Cataluña
11%
6.885.379 Madrid Villaverde Bajo
11%
7.086.280 Barcelona Arc de Triomf
10%
7.335.249 Barcelona Clot-Aragó
6%
8.303.805 Madrid Cantoblanco Universidad
4%
No se encontraron pruebas coincidentes
Distribución de puntuación
Porcentaje de gente con cada puntuación
Porcentaje por número respondido
Historial de tus puntuaciones
No has intentado esta prueba.